Statistics for Top 10 US States By Most NBA Players

Click here to take the quiz!

General Stats

  • This quiz has been taken 51 times
  • The average score is 8 of 10

Answers on the Map

Answers color-coded by a green-red scale on the quiz's map according to % correct below.
 

Answer Stats

PlayersState% Correct
434California
98%
203Texas
96%
426New York
94%
296Illinois
83%
202Ohio
83%
166Michigan
81%
149New Jersey
74%
146North Carolina
74%
241Pennsylvania
72%
162Indiana
68%

Score Distribution

Percentile by Number Answered

Percent of People with Each Score

Your Score History

You have not taken this quiz